000 00521nam a2200157Ia 4500
008 140529s9999 xx 000 0 und d
020 _a9789719367178
050 _aBJ 1481
_b.Sa55 2008
100 _aSanchez, Bo.
245 _a40 stories of passion :
_blearn from 40 ordinary people how to make your life extraordinarily beautiful /
_cBo Sanchez
260 _aQuezon City, Philippines :
_bShepherd's Voice,
_cc2008.
300 _a223 p. :
_bill. ;
_c22 cm.
521 _aGE
942 _kLOC
_cBK
999 _c117550
_d117550